[Event "Team Championship (men blitz)"]
[Site "Sochi"]
[Date "2017.10.05"]
[Round "10.22"]
[White "Murzin, Volodar"]
[Black "Vokarev, Sergey"]
[Result "0-1"]
[LiveChessVersion "1.4.8"]
[BlackElo "2427"]
[WhiteElo "2268"]

1. e4 {[%clk 0:03:03]} c5 {[%clk 0:03:03]} 2. Nf3 {[%clk 0:03:04]} Nc6
{[%clk 0:03:05]} 3. g3 {[%clk 0:03:05]} g6 {[%clk 0:03:04]} 4. Bg2
{[%clk 0:03:07]} Bg7 {[%clk 0:03:05]} 5. O-O {[%clk 0:03:06]} d6 {[%clk 0:03:06]}
6. Re1 {[%clk 0:03:05]} e5 {[%clk 0:02:58]} 7. h3 {[%clk 0:03:00]} Nge7
{[%clk 0:02:59]} 8. c4 {[%clk 0:02:57]} O-O {[%clk 0:02:58]} 9. Nc3
{[%clk 0:02:58]} h6 {[%clk 0:02:56]} 10. d3 {[%clk 0:02:57]} a6 {[%clk 0:02:54]}
11. b3 {[%clk 0:02:52]} Rb8 {[%clk 0:02:53]} 12. Nd5 {[%clk 0:02:37]} b5
{[%clk 0:02:51]} 13. Bb2 {[%clk 0:02:31]} bxc4 {[%clk 0:02:50]} 14. dxc4
{[%clk 0:02:31]} Nd4 {[%clk 0:02:50]} 15. Nxd4 {[%clk 0:02:27]} exd4
{[%clk 0:02:43]} 16. Qd3 {[%clk 0:02:10]} a5 {[%clk 0:02:42]} 17. Bc1
{[%clk 0:02:06]} Nxd5 {[%clk 0:02:36]} 18. cxd5 {[%clk 0:02:06]} a4
{[%clk 0:02:34]} 19. Bd2 {[%clk 0:02:04]} axb3 {[%clk 0:02:28]} 20. axb3
{[%clk 0:02:04]} Qb6 {[%clk 0:02:27]} 21. Reb1 {[%clk 0:02:02]} Bd7
{[%clk 0:02:26]} 22. Bf1 {[%clk 0:01:40]} Bb5 {[%clk 0:02:15]} 23. Qxb5
{[%clk 0:01:39]} Qxb5 {[%clk 0:02:16]} 24. Bxb5 {[%clk 0:01:39]} Rxb5
{[%clk 0:02:17]} 25. Bf4 {[%clk 0:01:33]} d3 {[%clk 0:02:11]} 26. Ra4
{[%clk 0:01:29]} Rfb8 {[%clk 0:01:51]} 27. Bxd6 {[%clk 0:01:03]} Rxb3
{[%clk 0:01:51]} 28. Rf1 {[%clk 0:00:51]} Rc8 {[%clk 0:01:37]} 29. Rc4
{[%clk 0:00:50]} Rc3 {[%clk 0:01:36]} 30. Rxc3 {[%clk 0:00:44]} Bxc3
{[%clk 0:01:37]} 31. Be7 {[%clk 0:00:44]} c4 {[%clk 0:01:29]} 32. d6
{[%clk 0:00:45]} Ba5 {[%clk 0:01:27]} 33. d7 {[%clk 0:00:41]} Rb8
{[%clk 0:01:22]} 34. Ra1 {[%clk 0:00:24]} c3 {[%clk 0:01:07]} 35. Rxa5
{[%clk 0:00:09]} d2 {[%clk 0:01:07]} 36. Rd5 {[%clk 0:00:08]} c2 {[%clk 0:01:07]}
0-1

[Event "Team Championship (men blitz)"]
[Site "Sochi"]
[Date "2017.10.05"]
[Round "10.23"]
[White "Kozlov, Oleg"]
[Black "Poliakov, Artem"]
[Result "0-1"]
[LiveChessVersion "1.4.8"]
[BlackElo "2185"]
[WhiteElo "2286"]

1. c4 {[%clk 0:03:03]} d6 {[%clk 0:03:03]} 2. Nf3 {[%clk 0:03:03]} e5
{[%clk 0:03:04]} 3. g3 {[%clk 0:03:04]} f5 {[%clk 0:03:05]} 4. Bg2
{[%clk 0:03:06]} Nf6 {[%clk 0:03:06]} 5. d3 {[%clk 0:03:07]} g6 {[%clk 0:03:06]}
6. O-O {[%clk 0:03:06]} Bg7 {[%clk 0:03:08]} 7. Nc3 {[%clk 0:03:07]} O-O
{[%clk 0:03:08]} 8. Rb1 {[%clk 0:03:06]} h6 {[%clk 0:03:08]} 9. b4
{[%clk 0:03:08]} Nc6 {[%clk 0:03:09]} 10. b5 {[%clk 0:03:06]} Ne7
{[%clk 0:03:10]} 11. Ne1 {[%clk 0:02:56]} Rb8 {[%clk 0:03:09]} 12. Nc2
{[%clk 0:02:46]} Be6 {[%clk 0:03:09]} 13. Ba3 {[%clk 0:02:31]} g5
{[%clk 0:02:57]} 14. Ne3 {[%clk 0:02:00]} f4 {[%clk 0:02:50]} 15. Ned5
{[%clk 0:02:01]} Nfxd5 {[%clk 0:02:40]} 16. Nxd5 {[%clk 0:01:40]} Ng6
{[%clk 0:02:11]} 17. e3 {[%clk 0:00:41]} Qd7 {[%clk 0:01:47]} 18. Bb2 Kh8
{[%clk 0:01:22]} 19. exf4 {[%clk 0:00:25]} gxf4 {[%clk 0:01:22]} 20. Be4
{[%clk 0:00:18]} Ne7 {[%clk 0:01:08]} 21. Nxe7 {[%clk 0:00:18]} Qxe7
{[%clk 0:01:07]} 22. Qh5 {[%clk 0:00:15]} Bg8 {[%clk 0:00:44]} 23. f3
{[%clk 0:00:14]} c6 {[%clk 0:00:42]} 24. bxc6 {[%clk 0:00:11]} bxc6
{[%clk 0:00:43]} 25. Bxc6 {[%clk 0:00:12]} Rb6 {[%clk 0:00:31]} 26. Ba4
{[%clk 0:00:06]} Rfb8 {[%clk 0:00:31]} 27. Bb3 {[%clk 0:00:07]} a5
{[%clk 0:00:29]} 28. Bc3 {[%clk 0:00:06]} a4 29. Bc2 Rxb1 {[%clk 0:00:21]} 30.
Rxb1 {[%clk 0:00:09]} Qa7+ {[%clk 0:00:22]} 31. Kg2 {[%clk 0:00:08]} Rxb1
{[%clk 0:00:22]} 32. Bxb1 {[%clk 0:00:09]} Qe3 {[%clk 0:00:23]} 33. gxf4
{[%clk 0:00:00]} Qxf4 {[%clk 0:00:23]} 34. Bc2 {[%clk 0:00:00]} Qc1
{[%clk 0:00:23]} 0-1

[Event "Team Championship (men blitz)"]
[Site "Sochi"]
[Date "2017.10.05"]
[Round "10.24"]
[White "Maltsevskaya, Aleksandra"]
[Black "Ozgibcev, Anatoly"]
[Result "1-0"]
[LiveChessVersion "1.4.8"]
[BlackElo "2354"]
[WhiteElo "2203"]

1. e4 {[%clk 0:03:03]} d5 {[%clk 0:03:03]} 2. exd5 {[%clk 0:03:04]} Nf6
{[%clk 0:03:04]} 3. Nf3 {[%clk 0:03:05]} Qxd5 {[%clk 0:03:04]} 4. Nc3
{[%clk 0:03:05]} Qd6 {[%clk 0:03:05]} 5. d4 {[%clk 0:03:06]} a6 {[%clk 0:03:06]}
6. Be2 {[%clk 0:03:02]} Bg4 {[%clk 0:03:06]} 7. h3 {[%clk 0:02:56]} Bh5
{[%clk 0:02:57]} 8. g4 {[%clk 0:02:48]} Bg6 {[%clk 0:02:57]} 9. Ne5
{[%clk 0:02:49]} Nc6 {[%clk 0:02:47]} 10. Bf4 {[%clk 0:01:47]} Qxd4
{[%clk 0:02:34]} 11. Nxg6 {[%clk 0:01:34]} hxg6 {[%clk 0:02:28]} 12. Bxc7
{[%clk 0:01:27]} e6 {[%clk 0:02:14]} 13. Bf3 {[%clk 0:00:28]} Bc5
{[%clk 0:02:03]} 14. Qe2 {[%clk 0:00:28]} Bb4 {[%clk 0:01:37]} 15. Bxc6+
{[%clk 0:00:15]} bxc6 {[%clk 0:01:36]} 16. Be5 {[%clk 0:00:16]} Bxc3+
{[%clk 0:01:23]} 17. bxc3 {[%clk 0:00:16]} Qc5 {[%clk 0:01:08]} 18. Bd4
{[%clk 0:00:12]} Qb5 {[%clk 0:01:04]} 19. Qf3 {[%clk 0:00:10]} Qd5
{[%clk 0:01:04]} 20. Qxd5 {[%clk 0:00:08]} cxd5 {[%clk 0:01:01]} 21. Ke2
{[%clk 0:00:08]} O-O {[%clk 0:00:55]} 22. f3 {[%clk 0:00:07]} Nd7
{[%clk 0:00:50]} 23. Kf2 {[%clk 0:00:07]} e5 {[%clk 0:00:49]} 24. Be3
{[%clk 0:00:08]} Rfc8 {[%clk 0:00:48]} 25. Bd2 {[%clk 0:00:10]} Nb6
{[%clk 0:00:47]} 26. h4 {[%clk 0:00:07]} d4 {[%clk 0:00:39]} 27. Rab1
{[%clk 0:00:04]} dxc3 {[%clk 0:00:36]} 28. Be3 {[%clk 0:00:04]} Nc4
{[%clk 0:00:36]} 29. Rb3 {[%clk 0:00:05]} Nxe3 {[%clk 0:00:31]} 30. Kxe3
{[%clk 0:00:06]} Rc4 {[%clk 0:00:31]} 31. Rd1 {[%clk 0:00:06]} Re8
{[%clk 0:00:29]} 32. Rd7 {[%clk 0:00:06]} e4 {[%clk 0:00:29]} 33. f4
{[%clk 0:00:07]} Ra4 {[%clk 0:00:29]} 34. Rbb7 {[%clk 0:00:07]} Rf8
{[%clk 0:00:29]} 35. Rdc7 {[%clk 0:00:07]} Rxa2 {[%clk 0:00:29]} 36. Rxc3
{[%clk 0:00:08]} Ra1 {[%clk 0:00:30]} 37. Kxe4 {[%clk 0:00:08]} Re8+
{[%clk 0:00:31]} 38. Kf3 {[%clk 0:00:08]} Rf1+ {[%clk 0:00:32]} 39. Kg3
{[%clk 0:00:10]} Rfe1 {[%clk 0:00:31]} 40. Rbb3 {[%clk 0:00:08]} Rg1+
{[%clk 0:00:25]} 41. Kf3 {[%clk 0:00:08]} a5 {[%clk 0:00:24]} 42. Ra3
{[%clk 0:00:09]} Ra8 {[%clk 0:00:24]} 43. Rc5 {[%clk 0:00:09]} a4
{[%clk 0:00:24]} 44. Rc4 {[%clk 0:00:09]} Rh1 {[%clk 0:00:25]} 45. Kg3
{[%clk 0:00:09]} Rg1+ {[%clk 0:00:24]} 46. Kf3 {[%clk 0:00:09]} Rc1
{[%clk 0:00:25]} 47. Rc7 {[%clk 0:00:07]} Rb1 {[%clk 0:00:23]} 48. Ke4
{[%clk 0:00:07]} Rb4+ {[%clk 0:00:24]} 49. Kf3 {[%clk 0:00:08]} Re8
{[%clk 0:00:22]} 50. c3 {[%clk 0:00:08]} Rb1 {[%clk 0:00:21]} 51. Rxa4
{[%clk 0:00:06]} Rf1+ {[%clk 0:00:21]} 52. Kg2 {[%clk 0:00:07]} Rc1
{[%clk 0:00:17]} 53. Ra2 {[%clk 0:00:08]} Rd8 {[%clk 0:00:15]} 54. Re2
{[%clk 0:00:08]} Rcd1 {[%clk 0:00:16]} 55. c4 {[%clk 0:00:09]} Rc1
{[%clk 0:00:16]} 56. c5 {[%clk 0:00:09]} Rc4 {[%clk 0:00:17]} 57. Kf3
{[%clk 0:00:09]} Rdd4 {[%clk 0:00:15]} 58. Re8+ {[%clk 0:00:08]} Kh7
{[%clk 0:00:17]} 59. Rxf7 {[%clk 0:00:08]} Rxc5 {[%clk 0:00:06]} 60. Rff8
{[%clk 0:00:09]} g5 {[%clk 0:00:06]} 61. f5 {[%clk 0:00:10]} Rf4+
{[%clk 0:00:06]} 62. Ke3 {[%clk 0:00:11]} g6 {[%clk 0:00:05]} 63. Re7+
{[%clk 0:00:11]} Kh6 {[%clk 0:00:06]} 64. Rh8# {[%clk 0:00:13]} 1-0

[Event "Team Championship (men blitz)"]
[Site "Sochi"]
[Date "2017.10.05"]
[Round "10.25"]
[White "Kezin, Roman"]
[Black "Kryakvin, Dmitry"]
[Result "1/2-1/2"]
[LiveChessVersion "1.4.8"]
[BlackElo "2483"]
[WhiteElo "2514"]

1. d4 {[%clk 0:03:03]} Nf6 {[%clk 0:03:03]} 2. c4 {[%clk 0:03:05]} c5
{[%clk 0:03:04]} 3. d5 {[%clk 0:03:06]} g6 {[%clk 0:03:05]} 4. Nc3
{[%clk 0:03:07]} Bg7 {[%clk 0:03:07]} 5. e4 {[%clk 0:03:08]} O-O {[%clk 0:03:07]}
6. Nf3 {[%clk 0:03:09]} d6 {[%clk 0:03:08]} 7. h3 {[%clk 0:03:09]} e6
{[%clk 0:03:09]} 8. Bd3 {[%clk 0:03:09]} Na6 {[%clk 0:03:10]} 9. O-O
{[%clk 0:03:05]} Nc7 {[%clk 0:03:12]} 10. Re1 {[%clk 0:02:46]} a6
{[%clk 0:03:06]} 11. a4 {[%clk 0:02:43]} e5 {[%clk 0:03:06]} 12. a5
{[%clk 0:02:42]} Bd7 {[%clk 0:03:04]} 13. Rb1 {[%clk 0:02:26]} Nce8
{[%clk 0:02:56]} 14. b4 {[%clk 0:01:53]} cxb4 {[%clk 0:02:57]} 15. Rxb4
{[%clk 0:01:53]} Qxa5 {[%clk 0:02:56]} 16. Qb3 {[%clk 0:01:48]} b5
{[%clk 0:02:20]} 17. cxb5 {[%clk 0:01:48]} axb5 {[%clk 0:02:21]} 18. Nxb5
{[%clk 0:01:48]} Nh5 {[%clk 0:02:10]} 19. Bd2 {[%clk 0:01:46]} Qd8
{[%clk 0:01:59]} 20. Bf1 {[%clk 0:01:45]} Nf4 {[%clk 0:01:57]} 21. Nc3
{[%clk 0:01:36]} Qf6 {[%clk 0:01:40]} 22. Nh2 {[%clk 0:01:18]} h5
{[%clk 0:01:33]} 23. Rb7 {[%clk 0:01:05]} Rd8 {[%clk 0:01:20]} 24. Nb5
{[%clk 0:00:59]} Bh6 {[%clk 0:00:54]} 25. Ba5 Ra8 26. Bb4 {[%clk 0:00:47]} Bxb5
{[%clk 0:00:48]} 27. Rxb5 {[%clk 0:00:48]} g5 {[%clk 0:00:38]} 28. g3
{[%clk 0:00:47]} Ng6 {[%clk 0:00:39]} 29. Qf3 {[%clk 0:00:41]} Qxf3
{[%clk 0:00:28]} 30. Nxf3 {[%clk 0:00:42]} Ra2 {[%clk 0:00:23]} 31. Rb6
{[%clk 0:00:41]} Rb2 {[%clk 0:00:17]} 32. Bc5 {[%clk 0:00:39]} Rxb6
{[%clk 0:00:17]} 33. Bxb6 {[%clk 0:00:40]} g4 {[%clk 0:00:08]} 34. hxg4
{[%clk 0:00:40]} hxg4 {[%clk 0:00:09]} 35. Nh2 {[%clk 0:00:38]} Nf6
{[%clk 0:00:09]} 36. Bc7 {[%clk 0:00:37]} Bd2 {[%clk 0:00:10]} 37. Re2
{[%clk 0:00:23]} Bb4 {[%clk 0:00:11]} 38. Bb6 {[%clk 0:00:22]} Rc8
{[%clk 0:00:11]} 1/2-1/2

[Event "Team Championship (men blitz)"]
[Site "Sochi"]
[Date "2017.10.05"]
[Round "10.26"]
[White "Smagin, Sergey"]
[Black "Antonenko, Vladimir"]
[Result "0-1"]
[LiveChessVersion "1.4.8"]
[BlackElo "2423"]
[WhiteElo "2375"]

1. e4 {[%clk 0:03:03]} c5 {[%clk 0:03:04]} 2. Nf3 {[%clk 0:03:03]} Nc6
{[%clk 0:03:05]} 3. c3 {[%clk 0:03:03]} d5 {[%clk 0:03:06]} 4. exd5
{[%clk 0:03:04]} Qxd5 {[%clk 0:03:07]} 5. d4 {[%clk 0:03:05]} Bg4
{[%clk 0:03:05]} 6. Be2 {[%clk 0:03:06]} cxd4 {[%clk 0:03:03]} 7. cxd4
{[%clk 0:03:07]} e6 {[%clk 0:03:03]} 8. Nc3 {[%clk 0:02:57]} Qd6 {[%clk 0:03:04]}
9. h3 {[%clk 0:02:33]} Bh5 {[%clk 0:03:03]} 10. Be3 {[%clk 0:02:25]} Nf6
{[%clk 0:03:04]} 11. Qb3 {[%clk 0:02:00]} Qb4 {[%clk 0:03:01]} 12. O-O
{[%clk 0:01:46]} Bd6 {[%clk 0:02:57]} 13. Qc2 {[%clk 0:01:31]} O-O 14. a3 Qa5
{[%clk 0:02:23]} 15. b4 {[%clk 0:01:34]} Qd8 {[%clk 0:02:18]} 16. Rfd1
{[%clk 0:01:34]} Ne7 {[%clk 0:02:17]} 17. Bg5 {[%clk 0:01:23]} Rc8
{[%clk 0:02:14]} 18. Qb2 {[%clk 0:01:24]} Bg6 {[%clk 0:01:56]} 19. Bxf6
{[%clk 0:01:23]} gxf6 {[%clk 0:01:57]} 20. Rac1 {[%clk 0:01:21]} Bf4
{[%clk 0:01:55]} 21. Ra1 {[%clk 0:01:22]} Nd5 {[%clk 0:01:52]} 22. Nxd5
{[%clk 0:01:15]} Qxd5 23. Bd3 Rc7 {[%clk 0:01:44]} 24. Bxg6 {[%clk 0:01:10]} hxg6
{[%clk 0:01:45]} 25. Qe2 {[%clk 0:01:04]} Rfc8 26. Ra2 a6 {[%clk 0:01:43]} 27. g3
{[%clk 0:01:07]} Bd6 {[%clk 0:01:41]} 28. Kg2 {[%clk 0:01:08]} f5 29. h4 Rc3 30.
Rd3 Rxd3 {[%clk 0:01:30]} 31. Qxd3 {[%clk 0:01:10]} Qxa2 {[%clk 0:01:30]} 0-1

[Event "Team Championship (men blitz)"]
[Site "Sochi"]
[Date "2017.10.05"]
[Round "10.27"]
[White "Gubsky, Egor"]
[Black "Gluhovsky, Mark"]
[Result "1/2-1/2"]
[LiveChessVersion "1.4.8"]
[BlackElo "2260"]
[WhiteElo "2369"]

1. d4 {[%clk 0:03:03]} Nf6 {[%clk 0:03:03]} 2. c4 {[%clk 0:03:05]} g6
{[%clk 0:03:04]} 3. Nc3 Bg7 {[%clk 0:03:04]} 4. e4 {[%clk 0:03:07]} d6
{[%clk 0:03:06]} 5. Nf3 {[%clk 0:03:08]} O-O {[%clk 0:03:06]} 6. Be2
{[%clk 0:03:09]} e5 {[%clk 0:03:07]} 7. O-O {[%clk 0:03:10]} Nbd7
{[%clk 0:03:03]} 8. Re1 {[%clk 0:03:10]} c6 {[%clk 0:03:02]} 9. Bf1
{[%clk 0:03:11]} Re8 {[%clk 0:02:52]} 10. Rb1 {[%clk 0:03:09]} exd4
{[%clk 0:02:44]} 11. Nxd4 {[%clk 0:03:10]} Nc5 {[%clk 0:02:45]} 12. f3
{[%clk 0:03:08]} d5 {[%clk 0:02:24]} 13. b4 {[%clk 0:02:52]} Ne6 {[%clk 0:02:20]}
14. Nxe6 {[%clk 0:02:48]} Bxe6 {[%clk 0:02:20]} 15. cxd5 {[%clk 0:02:45]} cxd5
{[%clk 0:01:57]} 16. Bg5 {[%clk 0:02:45]} d4 {[%clk 0:01:47]} 17. Nb5
{[%clk 0:02:38]} Qb6 {[%clk 0:01:36]} 18. a4 {[%clk 0:02:30]} a5 {[%clk 0:01:34]}
19. Qxd4 {[%clk 0:02:24]} Qxd4+ {[%clk 0:01:18]} 20. Nxd4 {[%clk 0:02:24]} Ba2
{[%clk 0:01:07]} 21. Rbd1 {[%clk 0:01:53]} axb4 {[%clk 0:01:04]} 22. Bb5
{[%clk 0:01:53]} Rec8 {[%clk 0:00:53]} 23. Bxf6 {[%clk 0:01:49]} Bxf6
{[%clk 0:00:54]} 24. e5 {[%clk 0:01:50]} Be7 {[%clk 0:00:53]} 25. Kf1
{[%clk 0:01:17]} Bc4+ {[%clk 0:00:45]} 26. Bxc4 {[%clk 0:01:04]} Rxc4
{[%clk 0:00:46]} 27. e6 {[%clk 0:01:03]} Rd8 {[%clk 0:00:36]} 28. exf7+
{[%clk 0:00:58]} Kxf7 {[%clk 0:00:37]} 29. Nb3 {[%clk 0:00:39]} Rxd1
{[%clk 0:00:37]} 30. Rxd1 {[%clk 0:00:41]} Rc3 {[%clk 0:00:34]} 31. Rb1
{[%clk 0:00:42]} Rc2 {[%clk 0:00:32]} 32. Re1 {[%clk 0:00:34]} Ra2
{[%clk 0:00:31]} 33. a5 {[%clk 0:00:34]} Rb2 {[%clk 0:00:28]} 34. Re3
{[%clk 0:00:34]} Bf6 {[%clk 0:00:24]} 35. Rd3 {[%clk 0:00:29]} Rc2
{[%clk 0:00:19]} 36. Rd7+ {[%clk 0:00:29]} Be7 {[%clk 0:00:17]} 37. Rxb7
{[%clk 0:00:29]} Rc3 {[%clk 0:00:15]} 38. Nd4 {[%clk 0:00:29]} Rc4
{[%clk 0:00:16]} 39. Nb5 {[%clk 0:00:21]} Rc6 {[%clk 0:00:12]} 40. Rb6
{[%clk 0:00:16]} Rc8 {[%clk 0:00:06]} 41. a6 {[%clk 0:00:15]} b3 {[%clk 0:00:06]}
42. Nd4 {[%clk 0:00:16]} b2 {[%clk 0:00:05]} 43. Rxb2 {[%clk 0:00:15]} Ra8
{[%clk 0:00:06]} 44. Rb6 {[%clk 0:00:14]} Bc5 {[%clk 0:00:07]} 45. Rb7+
{[%clk 0:00:16]} Kf6 {[%clk 0:00:07]} 46. Ne2 {[%clk 0:00:08]} Rxa6
{[%clk 0:00:08]} 47. Nc3 {[%clk 0:00:08]} Ra1+ {[%clk 0:00:07]} 48. Rb1
{[%clk 0:00:09]} Rxb1+ {[%clk 0:00:07]} 49. Nxb1 {[%clk 0:00:11]} h5
{[%clk 0:00:08]} 50. Nc3 {[%clk 0:00:11]} Bd4 {[%clk 0:00:08]} 51. Ne4+
{[%clk 0:00:12]} Kf5 {[%clk 0:00:08]} 52. Ke2 {[%clk 0:00:13]} Ba1
{[%clk 0:00:09]} 53. g3 {[%clk 0:00:10]} g5 {[%clk 0:00:10]} 54. Nd6+
{[%clk 0:00:09]} Ke6 {[%clk 0:00:10]} 55. Nc4 {[%clk 0:00:08]} Kf5
{[%clk 0:00:09]} 56. h3 {[%clk 0:00:08]} Bd4 {[%clk 0:00:07]} 57. Ne3+
{[%clk 0:00:06]} Ke6 {[%clk 0:00:05]} 58. g4 {[%clk 0:00:07]} hxg4
{[%clk 0:00:05]} 59. hxg4 {[%clk 0:00:07]} Bxe3 {[%clk 0:00:04]} 60. Kxe3
{[%clk 0:00:08]} Ke5 {[%clk 0:00:05]} 61. Kd3 {[%clk 0:00:08]} Kd5
{[%clk 0:00:07]} 62. Ke3 {[%clk 0:00:08]} Ke5 {[%clk 0:00:08]} 63. Ke2
{[%clk 0:00:06]} Ke6 {[%clk 0:00:08]} 64. Kd2 {[%clk 0:00:06]} Kd6
{[%clk 0:00:08]} 65. Ke3 {[%clk 0:00:07]} 1/2-1/2

[Event "Team Championship (men blitz)"]
[Site "Sochi"]
[Date "2017.10.05"]
[Round "10.28"]
[White "Popov, Mikhail"]
[Black "Bublei, Pavel"]
[Result "0-1"]
[LiveChessVersion "1.4.8"]
[BlackElo "2243"]
[WhiteElo "2428"]

1. d4 {[%clk 0:03:03]} d5 {[%clk 0:03:03]} 2. Bf4 {[%clk 0:03:04]} Nf6
{[%clk 0:03:03]} 3. e3 {[%clk 0:03:05]} c5 {[%clk 0:03:05]} 4. Nf3
{[%clk 0:03:02]} Nc6 {[%clk 0:03:04]} 5. Nbd2 {[%clk 0:03:02]} Qb6
{[%clk 0:02:58]} 6. dxc5 {[%clk 0:03:02]} Qxc5 {[%clk 0:02:56]} 7. Nb3
{[%clk 0:02:42]} Qb6 {[%clk 0:02:53]} 8. Bd3 {[%clk 0:02:41]} e6 {[%clk 0:02:48]}
9. O-O {[%clk 0:02:39]} Nh5 {[%clk 0:02:36]} 10. Bg5 {[%clk 0:02:37]} h6
{[%clk 0:02:36]} 11. Bh4 {[%clk 0:02:33]} g5 {[%clk 0:02:36]} 12. Nfd2
{[%clk 0:02:14]} Nf6 {[%clk 0:02:28]} 13. Bg3 {[%clk 0:02:15]} Bg7
{[%clk 0:02:27]} 14. e4 {[%clk 0:02:15]} O-O {[%clk 0:02:23]} 15. Kh1
{[%clk 0:02:03]} e5 {[%clk 0:02:15]} 16. exd5 {[%clk 0:01:55]} Nxd5
{[%clk 0:02:16]} 17. Re1 {[%clk 0:01:23]} Nf4 {[%clk 0:02:01]} 18. Bxf4
{[%clk 0:01:22]} exf4 {[%clk 0:02:02]} 19. Qf3 {[%clk 0:01:13]} Nb4
{[%clk 0:01:25]} 20. Be4 {[%clk 0:00:57]} Be6 {[%clk 0:01:20]} 21. c3
{[%clk 0:00:55]} Nc6 {[%clk 0:01:21]} 22. Bc2 {[%clk 0:00:55]} Rfd8
{[%clk 0:01:13]} 23. Re2 {[%clk 0:00:40]} Bd5 {[%clk 0:01:10]} 24. Qh3
{[%clk 0:00:32]} Ne5 {[%clk 0:01:01]} 25. Rae1 {[%clk 0:00:20]} Be6
{[%clk 0:00:52]} 26. Bf5 {[%clk 0:00:14]} Bxf5 {[%clk 0:00:45]} 27. Qxf5
{[%clk 0:00:15]} Nd3 {[%clk 0:00:45]} 28. Re7 {[%clk 0:00:13]} Nxf2+
{[%clk 0:00:45]} 29. Kg1 {[%clk 0:00:11]} Nh3+ {[%clk 0:00:46]} 30. Kh1
{[%clk 0:00:12]} Qg1+ {[%clk 0:00:47]} 0-1

[Event "Team Championship (men blitz)"]
[Site "Sochi"]
[Date "2017.10.05"]
[Round "10.29"]
[White "Sarana, Alexey"]
[Black "Nazaretyan, Tigran"]
[Result "1-0"]
[LiveChessVersion "1.4.8"]
[BlackElo "2335"]
[WhiteElo "2574"]

1. d4 {[%clk 0:03:03]} Nf6 {[%clk 0:03:03]} 2. Bg5 {[%clk 0:03:04]} e6
{[%clk 0:03:01]} 3. e4 {[%clk 0:03:04]} h6 {[%clk 0:03:02]} 4. Bxf6
{[%clk 0:03:04]} Qxf6 {[%clk 0:03:03]} 5. Nf3 {[%clk 0:03:05]} d6
{[%clk 0:02:59]} 6. Nc3 {[%clk 0:03:05]} g5 {[%clk 0:02:58]} 7. e5
{[%clk 0:02:53]} Qe7 {[%clk 0:02:55]} 8. Bd3 {[%clk 0:02:44]} Bg7
{[%clk 0:02:54]} 9. Qe2 {[%clk 0:02:42]} Nc6 {[%clk 0:02:49]} 10. h3
{[%clk 0:02:38]} h5 {[%clk 0:02:31]} 11. Bb5 {[%clk 0:01:49]} Bd7
{[%clk 0:02:28]} 12. exd6 {[%clk 0:01:43]} Qxd6 {[%clk 0:02:15]} 13. Ne4
{[%clk 0:01:35]} Qe7 {[%clk 0:02:00]} 14. c3 {[%clk 0:01:34]} Bh6
{[%clk 0:01:49]} 15. g4 {[%clk 0:01:32]} O-O-O {[%clk 0:01:38]} 16. O-O-O
{[%clk 0:01:28]} f5 {[%clk 0:01:34]} 17. Nc5 {[%clk 0:01:20]} fxg4
{[%clk 0:01:32]} 18. hxg4 {[%clk 0:01:09]} hxg4 {[%clk 0:01:33]} 19. Ba6
{[%clk 0:00:57]} Rdf8 {[%clk 0:00:24]} 20. Bxb7+ {[%clk 0:00:54]} Kd8
{[%clk 0:00:25]} 21. Bxc6 {[%clk 0:00:46]} Bxc6 {[%clk 0:00:26]} 22. Ne5
{[%clk 0:00:47]} Bxh1 {[%clk 0:00:19]} 23. Rxh1 {[%clk 0:00:48]} Qf6
{[%clk 0:00:09]} 24. Qb5 {[%clk 0:00:45]} Rh7 {[%clk 0:00:08]} 25. Qb8+
{[%clk 0:00:39]} Ke7 {[%clk 0:00:07]} 26. Qxc7+ Ke8 27. Qc8+ {[%clk 0:00:22]} Qd8
{[%clk 0:00:06]} 28. Qc6+ {[%clk 0:00:21]} Ke7 {[%clk 0:00:06]} 29. Qxe6#
{[%clk 0:00:22]} Ke8 1-0

[Event "Team Championship (men blitz)"]
[Site "Sochi"]
[Date "2017.10.05"]
[Round "10.30"]
[White "Tenikashvili, Georgij"]
[Black "Demidov, Mikhail"]
[Result "0-1"]
[LiveChessVersion "1.4.8"]
[BlackElo "2555"]
[WhiteElo "2158"]

1. d4 {[%clk 0:03:02]} d5 {[%clk 0:03:04]} 2. c4 {[%clk 0:03:03]} c6
{[%clk 0:03:05]} 3. Nc3 {[%clk 0:03:04]} dxc4 {[%clk 0:03:06]} 4. e3
{[%clk 0:03:03]} b5 {[%clk 0:03:05]} 5. a4 b4 6. Na2 {[%clk 0:03:05]} e6
{[%clk 0:03:07]} 7. Bxc4 {[%clk 0:03:05]} Nf6 {[%clk 0:03:08]} 8. Nf3
{[%clk 0:03:01]} a5 {[%clk 0:03:07]} 9. O-O {[%clk 0:02:49]} Bb7 {[%clk 0:03:07]}
10. Bd2 {[%clk 0:02:50]} Be7 {[%clk 0:03:08]} 11. Nc1 {[%clk 0:02:50]} O-O
{[%clk 0:03:07]} 12. Nb3 {[%clk 0:02:36]} Nbd7 {[%clk 0:03:08]} 13. Qe2
{[%clk 0:02:33]} Qb6 {[%clk 0:03:08]} 14. e4 {[%clk 0:02:16]} c5 {[%clk 0:03:10]}
15. d5 {[%clk 0:02:05]} exd5 {[%clk 0:03:05]} 16. exd5 {[%clk 0:02:06]} Rfe8
{[%clk 0:03:05]} 17. Qd3 {[%clk 0:02:01]} Bd6 {[%clk 0:03:00]} 18. Rfe1
{[%clk 0:01:55]} Qc7 {[%clk 0:02:58]} 19. h3 {[%clk 0:01:45]} Nb6
{[%clk 0:02:56]} 20. Rxe8+ {[%clk 0:01:33]} Nxe8 {[%clk 0:02:57]} 21. Bg5
{[%clk 0:01:11]} h6 {[%clk 0:02:57]} 22. Be3 {[%clk 0:01:00]} Nf6
{[%clk 0:02:54]} 23. Rc1 {[%clk 0:00:45]} Nxa4 {[%clk 0:02:52]} 24. Bb5
{[%clk 0:00:46]} Nxb2 {[%clk 0:02:32]} 25. Qd2 {[%clk 0:00:23]} c4
{[%clk 0:02:25]} 26. Qxb2 {[%clk 0:00:21]} c3 {[%clk 0:02:27]} 27. Qe2
{[%clk 0:00:17]} Nxd5 {[%clk 0:02:08]} 28. Nbd4 {[%clk 0:00:11]} Nxe3
{[%clk 0:02:01]} 29. Qxe3 {[%clk 0:00:10]} Bf4 {[%clk 0:01:59]} 30. Qe1
{[%clk 0:00:10]} Bxc1 {[%clk 0:01:59]} 31. Qxc1 {[%clk 0:00:11]} Bxf3
{[%clk 0:01:51]} 32. Nxf3 {[%clk 0:00:10]} b3 {[%clk 0:01:49]} 33. Nd4
{[%clk 0:00:07]} a4 {[%clk 0:01:45]} 34. Bd3 {[%clk 0:00:05]} b2 {[%clk 0:01:38]}
35. Qc2 {[%clk 0:00:05]} a3 {[%clk 0:01:39]} 36. Nf5 {[%clk 0:00:06]} a2
{[%clk 0:01:37]} 0-1